000 00516nam a2200181Ia 4500
008 100920s9999 xx 000 0 und d
082 _b80891
_a24 न 02
100 _aसामंत बाळ.
245 _aगजराज.
260 _bपरचुरे प्रकाशन मंदिर मुबंई.
_c2002
300 _a248
_bसाधी
365 _b750
520 _aसायो.
630 _aगजराज.
650 _aसायो.
730 _aगजराज.
942 _cBOOK
999 _c721748
_d721745